03327cam a2200373 i 4500999001700000001000900017003000900026005001700035008004100052020002400093040003800117082002500155100003600180245005900216250002000275264009100295300003100386336002600417337002800443338002700471490008200498500002700580500002300607504005100630505065200681520044301333520087701776650004302653653002502696655001702721906004502738942001202783952015802795 c27994d2796520449692EG-ScBUE20200210091322.0180413s2019 enk f bd 001 0 eng d a9781138650473 (pbk) aDLCbengerdacDLCdDLCdEG-ScBUE04a070.4493337bHAN2221 aHansen, Anders,d1957-eauthor.10aEnvironment, media and communication /cAnders Hansen. aSecond edition. 1aMilton Park, Abingdon, Oxon ;aNew York :bRoutledge, Taylor and Francis Group,c2019. axviii, 244 pages ;c25 cm. atextbtxt2rdacontent aunmediatedbn2rdamedia avolumebnc2rdacarrier0 aRoutledge introductions to environment series.aEnvironment and society texts aPrevious editon: 2010. aIncludes glossary. aIncludes bibliographical references and index.0 aSeries editor's preface -- Preface to the second edition -- Chapter 1. Introduction -- Chapter 2. Communication and the construction of environmental issues -- Chapter 3. Making claims and managing news about the environment -- Chapter 4. The environment as news: News values, news media and journalistic practices -- Chapter 5. Popular culture, nature and environmental issues -- Chapter 6. Selling "nature/the natural": Advertising, nature, national identity, nostalgia and the environmental image -- Chapter 7. Media, publics, politics and environmental issues -- Chapter 8. Environment, media and communication - looking back, looking forward. a"Anders Hansen is Associate Professor in the School of Media, Communication and Sociology, University of Leicester, UK. He is Associate Editor of Environmental Communication; Founder and immediate-past Chair of the IAMCR Group on Environment, Science and Risk Communication; Founding member, and Executive Board Member and Secretary 2011-2015, of the International Environmental Communication Association (IECA)"--cProvided by publisher. a"The second edition of Environment, Media and Communication builds on the first edition's framework for analysing and understanding media and communication roles in the politics of the environment. It draws on the significant and continuing growth and advances in the field of environmental communication research to show the increasing diversification and complexity of environmental communication and to stress the persistent urgency of analysing and understanding how communication about the environment is being influenced and manipulated, with implications for how and indeed whether environmental challenges are being addressed and dealt with. This book will be of interest to students in media/communication studies, geography, environmental studies, political science and sociology as well as to environmental professionals and activists"--cProvided by publisher. 7aMass media and the environment.2BUEsh bBUSBOLcFebruary2020 vReading book a7bcbccorignewd1eecipf20gy-gencatlg 2ddccBB 00102ddc40708BaccahaMAINbMAINcLOWd2020-02-07ePurchaseg648.00h34036l0o070.4493337 HANp000048568r2025-07-15 00:00:00v810.00w2020-02-07yBB